Оценка влияния предобработки данных на работу предсказательных моделей; Молодежь и современные информационные технологии

Dettagli Bibliografici
Parent link:Молодежь и современные информационные технологии.— 2021.— [С. 342-343]
Autore principale: Губин Е. И. Евгений Иванович
Ente Autore: Национальный исследовательский Томский политехнический университет Управление проректора по цифровизации Информационно-аналитическое управление Центр информационных технологий
Altri autori: Галлингер В. А.
Riassunto:Заглавие с титульного экрана
Lingua:russo
Pubblicazione: 2021
Serie:Технология больших данных в индустрии
Soggetti:
Accesso online:http://earchive.tpu.ru/handle/11683/67926
Natura: Elettronico Capitolo di libro
KOHA link:https://koha.lib.tpu.ru/cgi-bin/koha/opac-detail.pl?biblionumber=633234

MARC

LEADER 00000naa2a2200000 4500
001 633234
005 20250506142700.0
035 |a (RuTPU)RU\TPU\conf\34982 
035 |a RU\TPU\conf\34976 
090 |a 633234 
100 |a 20210707d2021 k y0rusy50 ca 
101 0 |a rus 
102 |a RU 
105 |a y z 101zy 
135 |a drgn ---uucaa 
181 0 |a i  
182 0 |a b 
200 1 |a Оценка влияния предобработки данных на работу предсказательных моделей  |f Е. И. Губин, В. А. Галлингер 
203 |a Текст  |c электронный 
225 1 |a Технология больших данных в индустрии 
300 |a Заглавие с титульного экрана 
320 |a [Библиогр.: с. 343 (3 назв.)] 
463 0 |0 (RuTPU)RU\TPU\conf\34857  |t Молодежь и современные информационные технологии  |o сборник трудов XVIII Международной научно-практической конференции студентов, аспирантов и молодых учёных, 22-26 марта 2021 г., г. Томск  |f Национальный исследовательский Томский политехнический университет, Инженерная школа информационных технологий и робототехники ; под ред. Н. Г. Маркова [и др.]  |v [С. 342-343]  |d 2021 
610 1 |a электронный ресурс 
610 1 |a труды учёных ТПУ 
610 1 |a предобработка данных 
610 1 |a качество образования 
610 1 |a предсказательные модели 
610 1 |a алгоритмы 
610 1 |a Data mining 
700 1 |a Губин  |b Е. И.  |c математик  |c доцент Томского политехнического университета, кандидат физико-математических наук  |f 1954-  |g Евгений Иванович  |3 (RuTPU)RU\TPU\pers\40126  |9 21256 
701 1 |a Галлингер  |b В. А. 
712 0 2 |a Национальный исследовательский Томский политехнический университет  |b Управление проректора по цифровизации  |b Информационно-аналитическое управление  |b Центр информационных технологий  |3 (RuTPU)RU\TPU\col\25237 
801 2 |a RU  |b 63413507  |c 20210809  |g RCR 
850 |a 63413507 
856 4 |u http://earchive.tpu.ru/handle/11683/67926 
942 |c BK